| 000 | 01003cam a22003014a 4500 | ||
|---|---|---|---|
| 001 | 16126333 | ||
| 005 | 20201128021142.0 | ||
| 008 | 100309s2009 xxka frb 001 0 eng d | ||
| 010 | _a 2010399097 | ||
| 020 | _a9780141035482 | ||
| 040 |
_aDLC _cDLC _dDLC _dEG-ScBUE _beng |
||
| 082 | 0 | 0 |
_a332.09 _222 _bFER |
| 100 | 1 |
_aFerguson, Niall _936876 |
|
| 245 | 1 | 4 |
_aThe ascent of money : _ba financial history of the world / _cNiall Ferguson. |
| 260 |
_aLondon ; _aNew York, United States : _bPenguin Books, _c2009. |
||
| 300 |
_av, 441 p. : _bill. (col.) ; _c24 cm. |
||
| 500 | _aIndex : p. 405-441. | ||
| 504 | _aBibliography : p. 367-401. | ||
| 650 | 0 |
_aFinance _xHistory _936877 _2BUEsh |
|
| 650 | 0 |
_aEconomic history _936878 _2BUEsh |
|
| 650 | 0 |
_aEconomics _xHistory _93123 _2BUEsh |
|
| 650 | 0 |
_aMoney _xHistory _936879 _2BUEsh |
|
| 650 | 0 |
_aInternational finance _xHistory _936880 _2BUEsh |
|
| 651 | _2BUEsh | ||
| 653 |
_bBUSADM _cDecember2014 |
||
| 655 |
_vreading book _934232 |
||
| 942 |
_2ddc _k332.09 FER |
||
| 999 |
_c18757 _d18729 |
||